[Event "Izhevsk Udmurtia-ch"]
[Site "Izhevsk"]
[Date "2011.12.05"]
[Round "5"]
[White "Sazonov, Anatoliy"]
[Black "Bazhenov, Viktor Mikhailovich"]
[Result "1-0"]
[WhiteElo "1928"]
[BlackElo "2060"]
[PlyCount "59"]
[EventDate "2011.12.02"]
[EventType "swiss"]
[EventRounds "11"]
[EventCountry "RUS"]
[SourceTitle "CBM 146 Extra"]
[Source "ChessBase"]
[SourceDate "2012.02.29"]
[SourceVersion "1"]
[SourceVersionDate "2012.02.29"]
[SourceQuality "1"]

1. Nf3 d5 2. c4 e6 3. g3 Nf6 4. Bg2 Be7 5. 0-0 0-0 6. b3 Nbd7 7. Bb2 c6 8. d3 b6 9. Nbd2 Bb7 10. e4 dxe4 11. Nxe4 Qc7 12. Qe2 Rad8 13. Rad1 c5 14. Rfe1 Rfe8 15. Neg5 h6 16. Nxf7 Kxf7 17. Qxe6+ Kg6 18. Nh4+ Kh7 19. Bxb7 Qxb7 20. Qf7 Qc6 21. Rxe7 Rxe7 22. Qxe7 Re8 23. Qf7 Ne5 24. Bxe5 Rxe5 25. Ng6 Re2 26. Nf4 Rxa2 27. Ne6 Ne8 28. Nf8+ Kh8 29. Ng6+ Kh7 30. Ne7 1-0

[Event "Izhevsk op-B"]
[Site "Izhevsk"]
[Date "2010.07.22"]
[Round "8"]
[White "Chukhlantseva, Anna"]
[Black "Sazonov, Anatoliy"]
[Result "0-1"]
[WhiteElo "1949"]
[BlackElo "1983"]
[PlyCount "55"]
[EventDate "2010.07.15"]
[EventType "swiss"]
[EventRounds "9"]
[EventCountry "RUS"]
[SourceTitle "EXT 2011"]
[Source "ChessBase"]
[SourceDate "2010.11.26"]
[SourceVersion "1"]
[SourceVersionDate "2010.11.26"]
[SourceQuality "1"]

1. e4 c6 2. d4 d5 3. Nc3 dxe4 4. Nxe4 Nd7 5. Qe2 e6 6. Nf3 Ngf6 7. g3 Be7 8. Bg2 Nxe4 9. Qxe4 Nf6 10. Qd3 0-0 11. 0-0 c5 12. Bg5 h6 13. Bxf6 Bxf6 14. Rad1 cxd4 15. Rfe1 Qb6 16. b3 Rd8 17. Ne5 Rb8 18. f4 Qc7 19. Re4 Be7 20. Kh1 Bc5 21. c3 b6 22. cxd4 Bb7 23. Ree1 Bxg2+ 24. Kxg2 Rxd4 25. Qf3 Rbd8 26. Rxd4 Rxd4 27. Re2 Rd5 28. Qe3 0-1

[Event "Izhevsk op"]
[Site "Izhevsk"]
[Date "2009.07.18"]
[Round "4"]
[White "Kostitsina, Liubov"]
[Black "Sazonov, Anatoliy"]
[Result "1/2-1/2"]
[WhiteElo "1871"]
[BlackElo "1999"]
[PlyCount "120"]
[EventDate "2009.07.15"]
[EventType "swiss"]
[EventRounds "9"]
[EventCountry "RUS"]
[SourceTitle "EXT 2010"]
[Source "ChessBase"]
[SourceDate "2010.11.25"]
[SourceVersion "1"]
[SourceVersionDate "2010.11.25"]
[SourceQuality "1"]

1. e4 e5 2. Nf3 Nc6 3. Bb5 a6 4. Ba4 d6 5. c3 Bd7 6. 0-0 g6 7. d4 Bg7 8. Be3 Nge7 9. Nbd2 0-0 10. d5 Nb8 11. Bxd7 Nxd7 12. Ne1 f5 13. f4 fxe4 14. Nxe4 Nf5 15. Bc1 Bh6 16. Nd3 Qe7 17. Qe2 Rae8 18. fxe5 Bxc1 19. Raxc1 Nxe5 20. Nf4 Ng7 21. Rce1 g5 22. Nh5 Rxf1+ 23. Rxf1 Nd7 24. Nef6+ Nxf6 25. Qxe7 Rxe7 26. Nxf6+ Kh8 27. Kf2 Nf5 28. Re1 Rf7 29. Ne4 Ne7+ 30. Kg3 h6 31. c4 Kg7 32. Nc3 Nf5+ 33. Kf2 Nd4+ 34. Kg1 h5 35. Re4 Nf5 36. b4 g4 37. g3 Ne7 38. c5 Ng6 39. Re6 Nf8 40. cxd6 cxd6 41. Rxd6 Rc7 42. Ne2 Rc2 43. Nf4 Rxa2 44. Nxh5+ Kf7 45. Rb6 Ra1+ 46. Kg2 Ra2+ 47. Kg1 Ra1+ 48. Kf2 Ra2+ 49. Ke3 Rxh2 50. Nf4 Nd7 51. Rxb7 Ke7 52. Ra7 Rb2 53. Nd3 Rb3 54. Kd4 Kd8 55. Rxa6 Kc7 56. Rg6 Rxd3+ 57. Kxd3 Ne5+ 58. Ke4 Nxg6 59. Kf5 Ne7+ 60. Kxg4 Nxd5 1/2-1/2

[Event "Izhevsk op"]
[Site "Izhevsk"]
[Date "2009.07.16"]
[Round "2"]
[White "Fedoseev, Vladimir"]
[Black "Sazonov, Anatoliy"]
[Result "1-0"]
[WhiteElo "2179"]
[BlackElo "1999"]
[PlyCount "91"]
[EventDate "2009.07.15"]
[EventType "swiss"]
[EventRounds "9"]
[EventCountry "RUS"]
[SourceTitle "EXT 2010"]
[Source "ChessBase"]
[SourceDate "2010.11.25"]
[SourceVersion "1"]
[SourceVersionDate "2010.11.25"]
[SourceQuality "1"]

1. e4 e5 2. Nf3 Nc6 3. Nc3 Nf6 4. Bb5 Nd4 5. Ba4 Nxf3+ 6. Qxf3 Be7 7. 0-0 0-0 8. d3 d6 9. Bg5 c6 10. Bb3 b5 11. a3 Be6 12. Bxe6 fxe6 13. Qh3 Qc8 14. Rad1 a5 15. Ne2 Bd8 16. f4 exf4 17. Nxf4 e5 18. Ne6 Rf7 19. Rf3 h6 20. Bxh6 gxh6 21. Qxh6 Qxe6 22. Rg3+ Qg4 23. Rxg4+ Nxg4 24. Qg6+ Rg7 25. Qe8+ Kh7 26. Qxc6 Rb8 27. d4 exd4 28. Rd3 Ne3 29. Rd2 Be7 30. Rf2 Rbg8 31. g3 Ng4 32. Qxb5 Rg5 33. Rf5 Ne5 34. Rxg5 Bxg5 35. Qxa5 Be3+ 36. Kg2 Rc8 37. Qa4 Rf8 38. b4 Rf2+ 39. Kh3 Nf3 40. Qd7+ Kh8 41. Qxd6 Rxh2+ 42. Kg4 Rf2 43. Qf8+ Kh7 44. Qxf3 Rxf3 45. Kxf3 Bd2 46. Ke2 1-0